| 000 | 00522cam a22002051 4500 | ||
|---|---|---|---|
| 001 | sa 66005460 | ||
| 003 | DLC | ||
| 005 | 20260227112249.0 | ||
| 008 | 890420s1964 io 000 0 ind | ||
| 010 | _asa 66005460 | ||
| 035 | _a(OCoLC)23547365 | ||
| 040 |
_aDLC _cMiU _dDLC |
||
| 042 | _apremarc | ||
| 050 | 0 | 0 |
_aHD37 _b.D47 |
| 100 | 1 | _aDidong, Rustam. | |
| 245 | 1 | 0 | _aKumpulan seminar ekonomi industri |
| 260 |
_a[Djakarta, _c1964?] |
||
| 300 |
_a1 v. (various pagings) _c32 cm. |
||
| 650 | 0 | _aIndustrial management | |
| 999 |
_c69955 _d69955 |
||